MARC

Tag First Indicator Second Indicator Subfields
LEADER 00000cam a2200000 i 4500
001 in00005685921
005 20260212195851.2
006 m o d
007 cr |||||||||||
008 990910s1999 gw a ob 001 0 ger
010 |a  2020718450 
040 |a DLC  |b eng  |e pn  |e rda  |c DLC  |d OCLCF  |d OCLCO  |d OCLCL  |d OCLCE  |d VT2  |d WYU  |d C6I  |d INARC  |d OCLCO  |d OCLCQ 
019 |a 606341235  |a 609972946  |a 654655998  |a 1048181190  |a 1105783660  |a 1117334950  |a 1244843624  |a 1422220194 
020 |z 3486645781 
020 |a 9783486702989  |q (e-book) 
020 |a 348670298X 
020 |z 9783486645781 
035 |a (OCoLC)1334658797  |z (OCoLC)606341235  |z (OCoLC)609972946  |z (OCoLC)654655998  |z (OCoLC)1048181190  |z (OCoLC)1105783660  |z (OCoLC)1117334950  |z (OCoLC)1244843624  |z (OCoLC)1422220194 
042 |a dlr 
043 |a e-gx--- 
050 0 0 |a D809.G3 
080 |a 63. 
082 0 0 |a 940.53/161/09433  |2 21 
084 |a 15.70  |2 bcl 
084 |a 261800*by*ob*uf  |2 sbb 
084 |a NQ 2560  |2 rvk 
084 |a NQ 2690  |2 rvk 
084 |a NS 7550  |2 rvk 
084 |a NZ 97955  |2 rvk 
084 |a u 94.3  |2 ifzs 
084 |a w 166  |2 ifzs 
084 |a x 41.1  |2 ifzs 
084 |a x 55  |2 ifzs 
084 |a x 575  |2 ifzs 
049 |a TXAM 
100 1 |a Klee, Katja. 
245 1 0 |a Im "Luftschutzkeller des Reiches":  |b Evakuierte in Bayern 1939-1953 : Politik, soziale Lage, Erfahrungen /  |c Katja Klee. 
246 3 0 |a Luftschutzkeller des Reiches 
264 1 |a München :  |b R. Oldenbourg,  |c 1999. 
300 |a 1 online resource (327 pages ). 
336 |a text  |b txt  |2 rdacontent 
337 |a computer  |b c  |2 rdamedia 
338 |a online resource  |b cr  |2 rdacarrier 
490 1 |a Schriftenreihe der Vierteljahrshefte für Zeitgeschichte ;  |v Nr. 78 
500 |a Originally presented as the author's thesis (doctoral)--Universität München, 1998. 
504 |a Includes bibliographical references (pages 315-320). 
588 |a Description based on print version record; resource not viewed. 
538 |a Master and use copy. Digital master created according to Benchmark for Faithful Digital Reproductions of Monographs and Serials, Version 1. Digital Library Federation, December 2002.  |u http://purl.oclc.org/DLF/benchrepro0212  |5 MiAaHDL 
583 1 |a digitized  |c 2010  |h HathiTrust Digital Library  |l committed to preserve  |2 pda  |5 MiAaHDL 
611 2 7 |a BMBF-Statusseminar  |2 gnd 
650 0 |a World War, 1939-1945  |x Evacuation of civilians  |z Germany  |z Bavaria. 
650 0 |a World War, 1939-1945  |x Refugees  |z Germany. 
651 0 |a Bavaria (Germany)  |x History. 
650 6 |a Guerre mondiale, 1939-1945  |x Évacuation des civils  |z Allemagne  |z Bavière. 
650 6 |a Guerre mondiale, 1939-1945  |x Réfugiés  |z Allemagne. 
651 6 |a Bavière (Allemagne)  |x Histoire. 
650 7 |a 15.70 history of Europe.  |0 (NL-LeOCL)077599594  |2 bcl 
650 7 |a Evacuation of civilians  |2 fast 
650 7 |a Refugees  |2 fast 
651 7 |a Germany  |2 fast  |1 https://id.oclc.org/worldcat/entity/E39PBJtCD3rcKcPDx6FHmjvrbd 
651 7 |a Germany  |z Bavaria  |2 fast  |1 https://id.oclc.org/worldcat/entity/E39QbtfRxbxhxtQ94C9rqHFQCp 
650 7 |a Flüchtling.  |2 fes 
650 7 |a Kriegsbedingte Räumung von Gebieten.  |2 fes 
650 7 |a Kriegsfolgen.  |2 fes 
650 7 |a Weltkrieg <1939 - 1945>  |2 fes 
650 7 |a Zivilschutz.  |2 fes 
651 7 |a Bayern.  |2 fes 
650 7 |a Evakuierter  |2 gnd 
650 7 |a Evakuierung  |2 gnd 
650 7 |a Kinderlandverschickung  |2 gnd 
650 7 |a Weltkrieg  |g 1939-1945  |2 gnd 
651 7 |a Bayern  |2 gnd 
650 1 7 |a Evacuatie.  |2 gtt 
650 7 |a World War, 1939-1945  |x Evacuation of civilians  |z Germany  |z Bavaria  |2 nli 
650 7 |a World War, 1939-1945  |x Refugees  |z Germany  |2 nli 
651 7 |a Bavaria (Germany)  |x History  |2 nli 
650 7 |a Andra världskriget 1939-1945  |z Tyskland  |z Bayern.  |2 sao 
651 7 |a Bayern  |x historia  |y 1939-1953.  |2 sao 
647 7 |a World War  |d (1939-1945)  |2 fast  |1 https://id.oclc.org/worldcat/entity/E39Qhp4vBbhpRH9XvjbDFXtxhb 
648 7 |a 1939-1945  |2 fast 
655 7 |a Electronic books.  |2 local 
655 7 |a History  |2 fast 
655 7 |a Hochschulschrift.  |0 (DE-588)4113937-9.  |2 gnd 
710 2 |a Walter de Gruyter & Co. 
776 0 8 |i Print version:  |t Im "Luftschutzkeller des Reiches":  |d München : R. Oldenbourg, 1999.  |z 3486645781  |w (DLC) 99458725 
830 0 |a Schriftenreihe der Vierteljahrshefte für Zeitgeschichte ;  |v Nr. 78. 
856 4 0 |u https://www.degruyterbrill.com/openurl?genre=book&isbn=9783486702989  |z Connect to the full text of this electronic book  |t 0 
955 |a De Gruyter Open Access ebooks 
994 |a 92  |b TXA 
999 f f |i 4b653847-3d34-436b-8629-a1e79e20b6d0  |s e63fa4a8-f347-4a24-8bad-baa4ba547ae7  |t 0 
952 f f |a Texas A&M University  |b College Station  |c Electronic Resources  |s www_evans  |d Available Online  |t 0  |e D809.G3   |h Library of Congress classification 
998 f f |a D809.G3   |t 0  |l Available Online